00703 2200229 4500001002100000005001700021008004100038035002400079040001200103082001100115090001800126100003400144245008000178250001800258260007300276300002400349504002700373650001900400850001200419990002100431990002100452YOGYA-0209000002221220090227023624.0 ind  0010-020900000022212 aYOPDYOG a346.08 a346.08bPan H aPANGARIBUAN-SIMANJUNTAK, Emmy aHukum pertanggungan dan perkembangannyacoleh, Emmy Pangaribuan-Simanjuntak aEd. 2, cet. 1 aYogyakartabBuku Pembinaan Hukum Nasional Departemen Kehakimanc1983 axii, 164 hlmc21 cm aBibliografi : hlm. 164 aHukum asuransi aYOPDYOG a13022-PD/A.06b1 a13023-PD/A.06b1